[Event "Kiel op 35th"]
[Site "Kiel"]
[Date "2023.08.02"]
[Round "7"]
[White "Riechenberg, Sebastian"]
[Black "Hubert, Charlotte"]
[Result "1/2-1/2"]
[WhiteElo "1661"]
[BlackElo "1897"]
[PlyCount "157"]
[EventDate "2023.07.29"]
[EventType "swiss"]
[EventRounds "9"]
[EventCountry "GER"]
[SourceTitle "CBM 215 Extra"]
[Source "ChessBase"]
[SourceDate "2023.09.30"]
[SourceVersion "1"]
[SourceVersionDate "2023.09.30"]
[SourceQuality "1"]

1. d4 Nf6 2. Bg5 d5 3. Bxf6 exf6 4. e3 Bd6 5. c4 dxc4 6. Bxc4 0-0 7. Nc3 a6 8. Nf3 b5 9. Bd3 Bb7 10. 0-0 Re8 11. Qc2 g6 12. Ne4 Bf8 13. Rac1 Nd7 14. Ned2 c5 15. Be4 Bxe4 16. Nxe4 cxd4 17. Nxd4 Rc8 18. Nc6 Qb6 19. Rfd1 Kg7 20. Rxd7 Re6 21. Qd3 Rcxc6 22. Rd1 Rc4 23. Nc3 Qc6 24. Qd5 b4 25. Ne2 Qxd5 26. R7xd5 Bc5 27. b3 Rc2 28. R5d2 Rxd2 29. Rxd2 Rxe3 30. Kf1 Re5 31. Nf4 Rf5 32. Nd3 Rd5 33. Ke2 Bd6 34. Rc2 a5 35. Ke3 f5 36. Nf4 Bxf4+ 37. Kxf4 Kf6 38. Rc6+ Ke7 39. Ke3 f4+ 40. Ke2 Re5+ 41. Kf3 g5 42. Ra6 Kf8 43. g3 fxg3 44. fxg3 Kg7 45. h4 gxh4 46. gxh4 f6 47. Kf4 Kg6 48. Kg4 h5+ 49. Kf4 Rf5+ 50. Kg3 Kf7 51. Rb6 Ke7 52. Ra6 Kf7 53. Rb6 Kg7 54. Ra6 Kg6 55. Ra7 Rd5 56. Kf4 Rd4+ 57. Kg3 Rd3+ 58. Kf4 Rh3 59. Rxa5 Rxh4+ 60. Kg3 Rg4+ 61. Kf3 f5 62. Ra8 Kf7 63. Ra5 Kf6 64. Ra8 h4 65. Rh8 Re4 66. Rh5 Ke5 67. Rg5 Rf4+ 68. Ke3 Rg4 69. Rh5 Rg3+ 70. Kf2 Rg4 71. Ke3 Re4+ 72. Kf3 Rd4 73. Ke3 Rg4 74. Kf3 Re4 75. Rg5 Re1 76. Rh5 Rh1 77. Kg2 Ra1 78. Rxh4 Rxa2+ 79. Kf3 1/2-1/2

[Event "Kiel op 35th"]
[Site "Kiel"]
[Date "2023.07.29"]
[Round "2"]
[White "Braeutigam, Alexander"]
[Black "Riechenberg, Sebastian"]
[Result "1-0"]
[WhiteElo "1943"]
[BlackElo "1661"]
[PlyCount "75"]
[EventDate "2023.07.29"]
[EventType "swiss"]
[EventRounds "9"]
[EventCountry "GER"]
[SourceTitle "CBM 215 Extra"]
[Source "ChessBase"]
[SourceDate "2023.09.30"]
[SourceVersion "1"]
[SourceVersionDate "2023.09.30"]
[SourceQuality "1"]

1. c4 c5 2. Nc3 Nc6 3. g3 g6 4. Bg2 Bg7 5. d3 d6 6. Rb1 Nf6 7. Nf3 0-0 8. 0-0 Rb8 9. a3 b6 10. Bd2 Bb7 11. b4 Nd4 12. Nxd4 cxd4 13. Nb5 Bxg2 14. Kxg2 d5 15. Bf4 Rb7 16. Be5 Nh5 17. Bxg7 Nxg7 18. c5 bxc5 19. bxc5 Qa5 20. a4 a6 21. c6 Rb6 22. Nxd4 e5 23. Rxb6 Qxb6 24. Nf3 f6 25. Qc2 Rc8 26. Rc1 Ne6 27. e4 dxe4 28. dxe4 Nd8 29. Qc4+ Kg7 30. Qd5 Rxc6 31. Qd7+ Kg8 32. Qe8+ Kg7 33. Qd7+ Kg8 34. Rd1 Ne6 35. Qe8+ Nf8 36. Rd7 Qb3 37. Rd8 Rc7 38. Qxf8# 1-0

[Event "GER-ch U25-A"]
[Site "Willingen"]
[Date "2023.05.31"]
[Round "5"]
[White "Schwarz, David"]
[Black "Riechenberg, Sebastian"]
[Result "1/2-1/2"]
[WhiteElo "1431"]
[BlackElo "1655"]
[PlyCount "111"]
[EventDate "2023.05.27"]
[EventType "swiss"]
[EventRounds "9"]
[EventCountry "GER"]
[SourceTitle "CBM 214 Extra"]
[Source "ChessBase"]
[SourceDate "2023.07.31"]
[SourceVersion "1"]
[SourceVersionDate "2023.07.31"]
[SourceQuality "1"]

1. e4 c5 2. c3 d5 3. exd5 Qxd5 4. d4 Nc6 5. Nf3 Nf6 6. Be2 cxd4 7. cxd4 e6 8. Nc3 Qd6 9. 0-0 Be7 10. Nb5 Qd8 11. Bf4 Nd5 12. Bg3 a6 13. Nc3 0-0 14. Rc1 Bf6 15. Ne4 Qb6 16. Nd6 Nxd4 17. Nxd4 Qxd4 18. Qxd4 Bxd4 19. Rc4 Bxb2 20. Rb1 b5 21. Rxc8 Rfxc8 22. Nxc8 Ba3 23. Bd6 Nc3 24. Re1 Bxd6 25. Nxd6 Rd8 26. Nxf7 Nxe2+ 27. Kf1 Kxf7 28. Kxe2 Rd4 29. Rc1 Ra4 30. Rc2 Ra3 31. Rb2 Kf6 32. f3 Ke5 33. Rd2 a5 34. Kf2 b4 35. h4 a4 36. Rb2 b3 37. axb3 axb3 38. Ke3 h5 39. g3 Kf5 40. Kd3 Ra2 41. Rxb3 Rg2 42. Ke3 Rxg3 43. Kf2 Rh3 44. Rb4 Rh1 45. Kg2 Rd1 46. Kg3 g5 47. hxg5 Kxg5 48. Rb8 Rd3 49. Rg8+ Kf6 50. Rh8 e5 51. Rxh5 e4 52. Kf2 Rxf3+ 53. Ke2 Rf5 54. Rxf5+ Kxf5 55. Ke3 Ke6 56. Kxe4 1/2-1/2

[Event "GER-ch U25-A"]
[Site "Willingen"]
[Date "2023.05.30"]
[Round "4"]
[White "Riechenberg, Sebastian"]
[Black "Hofmann, Benjamin1111"]
[Result "0-1"]
[WhiteElo "1655"]
[BlackElo "1700"]
[PlyCount "52"]
[EventDate "2023.05.27"]
[EventType "swiss"]
[EventRounds "9"]
[EventCountry "GER"]
[SourceTitle "CBM 214 Extra"]
[Source "ChessBase"]
[SourceDate "2023.07.31"]
[SourceVersion "1"]
[SourceVersionDate "2023.07.31"]
[SourceQuality "1"]

1. e4 e5 2. Nf3 Nc6 3. Bb5 a6 4. Ba4 b5 5. Bb3 Nf6 6. 0-0 d6 7. c3 Be7 8. Re1 0-0 9. h3 Na5 10. Bc2 c5 11. d4 Nc6 12. d5 Na5 13. b3 Bd7 14. Nbd2 g6 15. Nf1 Nh5 16. Bh6 Re8 17. N3h2 Bg5 18. Bxg5 Qxg5 19. Qd2 Nf4 20. Ng4 h5 21. Nge3 Bxh3 22. g3 h4 23. Ng2 Bxg2 24. gxf4 exf4 25. Ng3 Bf3 26. Qd3 Bh5 0-1

[Event "GER-ch U25-A"]
[Site "Willingen"]
[Date "2023.05.29"]
[Round "3"]
[White "Schwartz, Oliver"]
[Black "Riechenberg, Sebastian"]
[Result "1-0"]
[WhiteElo "1919"]
[BlackElo "1655"]
[PlyCount "84"]
[EventDate "2023.05.27"]
[EventType "swiss"]
[EventRounds "9"]
[EventCountry "GER"]
[SourceTitle "CBM 214 Extra"]
[Source "ChessBase"]
[SourceDate "2023.07.31"]
[SourceVersion "1"]
[SourceVersionDate "2023.07.31"]
[SourceQuality "1"]

1. d4 Nf6 2. c4 c5 3. d5 b5 4. cxb5 a6 5. Nc3 axb5 6. e4 b4 7. Nb5 d6 8. Bc4 Nbd7 9. Nf3 g6 10. e5 dxe5 11. d6 exd6 12. Qb3 d5 13. Bxd5 Nxd5 14. Qxd5 Rb8 15. Nxe5 Qe7 16. Nc7+ Kd8 17. Bg5 f6 18. 0-0-0 fxg5 19. Ne6+ Ke8 20. Nc7+ Kd8 21. Nc6+ Kxc7 22. Nxe7 Bxe7 23. Rhe1 Bf6 24. Re6 Rb6 25. Rde1 Bb7 26. Qd3 Rxe6 27. Rxe6 Be5 28. g3 Rf8 29. Re7 Bd6 30. Rxh7 Rxf2 31. a4 bxa3 32. bxa3 Rf3 33. Qb5 Bc6 34. Qa5+ Kb7 35. Qd8 Bc7 36. Rxd7 Bxd7 37. Qxd7 Rxa3 38. Qd5+ Kb6 39. Qxg5 Kb5 40. Qxg6 Be5 41. Qe8+ Kb4 42. Qxe5 c4 1-0

[Event "Bayern Jubilar U12"]
[Site "Bayreuth"]
[Date "2022.08.28"]
[Round "3"]
[White "Riechenberg, Sebastian"]
[Black "Buechel, David"]
[Result "1/2-1/2"]
[WhiteElo "1624"]
[BlackElo "1545"]
[PlyCount "25"]
[EventDate "2022.08.27"]
[EventType "swiss"]
[EventRounds "7"]
[EventCountry "GER"]
[SourceTitle "EXT 2023"]
[Source "ChessBase"]
[SourceDate "2022.10.05"]
[SourceVersion "1"]
[SourceVersionDate "2022.10.05"]
[SourceQuality "1"]

1. e4 c5 2. Nf3 d6 3. d4 cxd4 4. Nxd4 Nf6 5. Nc3 g6 6. Be3 Bg7 7. f3 Nc6 8. Qd2 0-0 9. g4 Be6 10. Nxe6 fxe6 11. 0-0-0 a6 12. Bc4 Qc8 13. Bh6 1/2-1/2

[Event "GER-ch U12"]
[Site "Willingen"]
[Date "2022.06.09"]
[Round "7"]
[White "Riechenberg, Sebastian"]
[Black "Burkart, Lloyd Shang"]
[Result "0-1"]
[WhiteElo "1668"]
[BlackElo "1559"]
[PlyCount "52"]
[EventDate "2022.06.04"]
[EventType "swiss"]
[EventRounds "9"]
[EventCountry "GER"]
[SourceTitle "CBM 208 Extra"]
[Source "ChessBase"]
[SourceDate "2022.07.31"]
[SourceVersion "1"]
[SourceVersionDate "2022.07.31"]
[SourceQuality "1"]

1. e4 c5 2. Nf3 e6 3. d4 cxd4 4. Nxd4 Nc6 5. Nxc6 bxc6 6. c4 Nf6 7. Nc3 Bb4 8. Bd3 e5 9. 0-0 0-0 10. Bg5 h6 11. Bh4 d6 12. Rb1 Be6 13. a3 Bxc3 14. bxc3 Rb8 15. Rxb8 Qxb8 16. Bxf6 gxf6 17. f4 Kh7 18. Kh1 Rg8 19. f5 Bc8 20. Qd2 Qb3 21. Be2 Qxa3 22. Bh5 Rg7 23. Bd1 Qc5 24. Rf3 Qxc4 25. Bc2 Ba6 26. Qxd6 Qe2 0-1

[Event "GER-ch U12"]
[Site "Willingen"]
[Date "2022.06.08"]
[Round "5"]
[White "Riechenberg, Sebastian"]
[Black "Blodig, Vincent"]
[Result "0-1"]
[WhiteElo "1668"]
[BlackElo "1461"]
[PlyCount "80"]
[EventDate "2022.06.04"]
[EventType "swiss"]
[EventRounds "9"]
[EventCountry "GER"]
[SourceTitle "CBM 208 Extra"]
[Source "ChessBase"]
[SourceDate "2022.07.31"]
[SourceVersion "1"]
[SourceVersionDate "2022.07.31"]
[SourceQuality "1"]

1. e4 c5 2. Nf3 e6 3. d4 cxd4 4. Nxd4 Nf6 5. Bd3 Nc6 6. Nxc6 bxc6 7. 0-0 d5 8. e5 Nd7 9. Qe1 f5 10. f4 Be7 11. Rf3 0-0 12. Rh3 Rf7 13. Qd1 c5 14. g4 g6 15. g5 Bb7 16. Be2 Nb6 17. Nd2 c4 18. Nf3 Na4 19. Nd4 Qb6 20. b3 Bc5 21. Be3 Nc3 22. Qd2 Ne4 23. Qd1 Nc3 24. Qd2 Nxe2+ 25. Nxe2 d4 26. Nxd4 Bxd4 27. Bxd4 Qc6 28. Re3 Qh1+ 29. Kf2 Qxh2+ 30. Ke1 Qxf4 31. bxc4 Rd7 32. c3 Qxg5 33. Kd1 f4 34. Re1 Qg4+ 35. Kc1 f3 36. Qh6 Rxd4 37. cxd4 Qxd4 38. Rh1 Qxa1+ 39. Kd2 Qd4+ 40. Ke1 f2+ 0-1

[Event "GER-ch U12"]
[Site "Willingen"]
[Date "2022.06.08"]
[Round "6"]
[White "Wartenberg, Alexander"]
[Black "Riechenberg, Sebastian"]
[Result "1-0"]
[WhiteElo "1682"]
[BlackElo "1668"]
[PlyCount "95"]
[EventDate "2022.06.04"]
[EventType "swiss"]
[EventRounds "9"]
[EventCountry "GER"]
[SourceTitle "CBM 208 Extra"]
[Source "ChessBase"]
[SourceDate "2022.07.31"]
[SourceVersion "1"]
[SourceVersionDate "2022.07.31"]
[SourceQuality "1"]

1. e4 e5 2. Nf3 Nc6 3. d4 exd4 4. Nxd4 Nf6 5. Nc3 Bb4 6. Nxc6 bxc6 7. Bd3 d5 8. exd5 cxd5 9. 0-0 0-0 10. Bg5 c6 11. Qf3 h6 12. Bxf6 Qxf6 13. Qxf6 gxf6 14. Ne2 Rb8 15. Nd4 Bc5 16. Nxc6 Rxb2 17. Rfb1 Rb6 18. Rxb6 axb6 19. c3 Be6 20. Nd4 Rc8 21. a4 Bd6 22. Rc1 Be5 23. Ne2 Bd7 24. Bc2 Ra8 25. Ra1 b5 26. a5 b4 27. f4 Bxc3 28. Nxc3 bxc3 29. Kf2 d4 30. Bd3 Bc6 31. g3 Kf8 32. Ke2 Ke7 33. a6 Kd6 34. Ra5 Re8+ 35. Kd1 Kc7 36. Rf5 Be4 37. Bxe4 Rxe4 38. Rxf6 d3 39. Rxf7+ Kb8 40. a7+ Ka8 41. Rc7 Re2 42. Rxc3 Kxa7 43. h4 Re3 44. g4 Re4 45. Rc7+ Kb8 46. Rf7 Kc8 47. Kd2 Rd4 48. g5 1-0

[Event "GER-ch U12"]
[Site "Willingen"]
[Date "2022.06.07"]
[Round "4"]
[White "Gloeckler, Christian"]
[Black "Riechenberg, Sebastian"]
[Result "1-0"]
[WhiteElo "1847"]
[BlackElo "1668"]
[PlyCount "82"]
[EventDate "2022.06.04"]
[EventType "swiss"]
[EventRounds "9"]
[EventCountry "GER"]
[SourceTitle "CBM 208 Extra"]
[Source "ChessBase"]
[SourceDate "2022.07.31"]
[SourceVersion "1"]
[SourceVersionDate "2022.07.31"]
[SourceQuality "1"]

1. e4 e5 2. Nf3 Nc6 3. Bb5 a6 4. Ba4 Nf6 5. 0-0 Be7 6. Re1 b5 7. Bb3 0-0 8. h3 d6 9. c3 Na5 10. Bc2 c5 11. d4 cxd4 12. cxd4 exd4 13. Nxd4 Qc7 14. Nc3 Re8 15. a3 Nc6 16. Nxc6 Qxc6 17. Bb3 Bf8 18. Re3 Be6 19. Nd5 Bxd5 20. exd5 Qb7 21. Qf3 a5 22. Bd2 Rxe3 23. Qxe3 Re8 24. Qd3 a4 25. Ba2 Nd7 26. Bb4 Ne5 27. Qe2 Qd7 28. Re1 Qf5 29. Qxb5 Re7 30. Re3 Rc7 31. Qf1 g6 32. Bb1 Qh5 33. Rc3 Rd7 34. f4 Bh6 35. fxe5 Qxe5 36. Rc8+ Bf8 37. Bc3 Qe3+ 38. Kh2 f5 39. Qf3 Qc1 40. Bxf5 Re7 41. Be6+ Rxe6 1-0